[Event "DEM U10w 2017"]
[Site "Willingen GER"]
[Date "2017.06.09"]
[Round "9"]
[White "Winkler, Sarah"]
[Black "Wilmink, Anna"]
[Result "1-0"]
[Termination "normal"]
[Board "10"]
[WhiteElo "1251"]
[BlackElo "1140"]
[PlyCount "97"]
[WhiteFideId "16274431"]
[BlackFideId "16273680"]
[EventCountry "GER"]
[EventRounds "11"]
[EventType "swiss"]
[EventDate "2017.06.03"]

1. e4 c5 2. Nf3 Nc6 3. Bc4 e6 4. c3 d5 5. exd5 exd5 6. Bb3 Bd6 7. Bxd5 Nf6 8.
Bxc6+ bxc6 9. O-O Qc7 10. Re1+ Be6 11. h3 O-O 12. d3 Rfd8 13. Qc2 Bf5 14. Rd1
Be7 15. Be3 c4 16. Qa4 Bxd3 17. Na3 Rab8 18. Nxc4 Bxc4 19. Rxd8+ Bxd8 20. Qxc4
Rxb2 21. Qd4 a6 22. Rd1 Nd5 23. c4 Bf6 24. Qd3 Nc3 25. Qd6 Qxd6 26. Rxd6 g6 27.
Rxf6 Rb1+ 28. Kh2 Rb6 29. Bxb6 Kg7 30. Rxc6 Nxa2 31. Bd4+ Kh6 32. Rxa6 Nb4 33.
Ra3 Nc2 34. Ra7 Nxd4 35. Nxd4 f5 36. c5 Kg5 37. Rxh7 Kf4 38. c6 Ke4 39. c7 Kxd4
40. c8=Q f4 41. Re7 g5 42. Qd8+ Kc5 43. Rc7+ Kb6 44. Rc1+ Kb7 45. Rb1+ Kc6 46.
Rc1+ Kb7 47. Qc8+ Kb6 48. Rb1+ Ka7 49. Qb7# 1-0

[Event "DEM U10w 2017"]
[Site "Willingen GER"]
[Date "2017.06.09"]
[Round "9"]
[White "Englert, Lin"]
[Black "Heinze, Sofie"]
[Result "1/2-1/2"]
[Termination "normal"]
[Board "11"]
[WhiteElo "1165"]
[BlackElo "850"]
[PlyCount "54"]
[WhiteFideId "16226410"]
[BlackFideId "16226461"]
[EventCountry "GER"]
[EventRounds "11"]
[EventType "swiss"]
[EventDate "2017.06.03"]

1. e4 d6 2. d4 c6 3. Nc3 Nd7 4. Nf3 e5 5. dxe5 dxe5 6. Be3 Qc7 7. Bc4 h6 8. O-O
Be7 9. a3 Nb6 10. Bb3 Nf6 11. Bxb6 axb6 12. h3 O-O 13. Qe2 b5 14. Rfd1 b6 15.
Rd3 b4 16. Nb1 Ba6 17. c4 b5 18. Nbd2 c5 19. a4 bxc4 20. Bxc4 Bxc4 21. Nxc4 Qc6
22. Nfxe5 Qxe4 23. Qxe4 Nxe4 24. Re3 Nd6 25. Nxd6 Bxd6 26. Nd7 Rfd8 27. Nb6
Rab8 1/2-1/2

[Event "DEM U10w 2017"]
[Site "Willingen GER"]
[Date "2017.06.09"]
[Round "9"]
[White "Ottlik, Marie"]
[Black "Trunz, Michelle"]
[Result "0-1"]
[Termination "normal"]
[Board "12"]
[WhiteElo "1013"]
[BlackElo "1340"]
[PlyCount "60"]
[WhiteFideId "16281730"]
[BlackFideId "16227980"]
[EventCountry "GER"]
[EventRounds "11"]
[EventType "swiss"]
[EventDate "2017.06.03"]

1. e4 c5 2. Nf3 d6 3. Bb5+ Nd7 4. O-O Ngf6 5. Re1 e6 6. c3 Be7 7. d4 cxd4 8.
cxd4 Qc7 9. e5 Nd5 10. Bg5 O-O 11. Nbd2 a6 12. Bxd7 Bxd7 13. Rc1 Qb6 14. Nc4
Qa7 15. exd6 Bxg5 16. Nxg5 b5 17. Ne3 h6 18. Nxd5 exd5 19. Rc7 Qb6 20. Rxd7
hxg5 21. Re5 Rad8 22. Rxd8 Rxd8 23. Rxg5 Qxd6 24. Qg4 Qf6 25. Rf5 Re8 26. h3
Qd6 27. Qf4 Qd7 28. Re5 Rc8 29. Qf5 Qd6 30. Rxd5 Rc1# 0-1

[Event "DEM U10w 2017"]
[Site "Willingen GER"]
[Date "2017.06.09"]
[Round "9"]
[White "Hubert, Charlotte"]
[Black "Margaryan, Venera"]
[Result "1-0"]
[Termination "normal"]
[Board "13"]
[WhiteElo "1028"]
[BlackElo "773"]
[PlyCount "103"]
[WhiteFideId "16265920"]
[BlackFideId "16266226"]
[EventCountry "GER"]
[EventRounds "11"]
[EventType "swiss"]
[EventDate "2017.06.03"]

1. e4 c5 2. c3 e6 3. Nf3 Nf6 4. e5 Nd5 5. d4 Nc6 6. a3 h6 7. Bd3 d6 8. exd6
Bxd6 9. O-O O-O 10. Qe2 Re8 11. Qe4 Nf6 12. Qh4 e5 13. dxe5 Nxe5 14. Nxe5 Rxe5
15. h3 Rh5 16. Qa4 Qe7 17. Be3 Qe5 18. Re1 Qh2+ 19. Kf1 Be6 20. Nd2 Bd5 21. Be4
Rh4 22. Bh7+ Nxh7 23. Qxh4 Qxg2+ 24. Ke2 c4 25. Rg1 Qh2 26. Qd4 Nf6 27. Qxf6
Bg2 28. Qd4 Be5 29. Qg4 Bxh3 30. Qe4 Re8 31. Nf3 Bg2 32. Nxh2 Bxe4 33. Nf3 Bd3+
34. Kd2 f6 35. Nxe5 Rxe5 36. Rae1 Rd5 37. Bxa7 Bf5+ 38. Kc1 b5 39. Rd1 Re5 40.
Rge1 Be4 41. Rd4 f5 42. f3 Rd5 43. fxe4 Re5 44. Kd2 f4 45. Bb8 Re6 46. Bxf4 Rf6
47. e5 Rg6 48. e6 Kf8 49. e7+ Ke8 50. Rd8+ Kf7 51. e8=Q+ Kf6 52. Qe6# 1-0

[Event "DEM U10w 2017"]
[Site "Willingen GER"]
[Date "2017.06.09"]
[Round "9"]
[White "Pröttel, Ela"]
[Black "Schupfer, Victoria"]
[Result "1-0"]
[Termination "normal"]
[Board "14"]
[WhiteElo "1050"]
[BlackElo "830"]
[PlyCount "37"]
[WhiteFideId "44582749"]
[EventCountry "GER"]
[EventRounds "11"]
[EventType "swiss"]
[EventDate "2017.06.03"]

1. e4 e5 2. Nf3 Nc6 3. Bc4 Bc5 4. Nc3 Nf6 5. d3 d6 6. h3 h6 7. Be3 Bb6 8. Qd2
a6 9. O-O-O O-O 10. g4 Be6 11. Bb3 Ba7 12. Rhg1 g5 13. h4 Re8 14. hxg5 Nxg4 15.
gxh6 Kf8 16. Bxe6 Nf6 17. Bxa7 Nxa7 18. Qg5 fxe6 19. Qg7# 1-0

[Event "DEM U10w 2017"]
[Site "Willingen GER"]
[Date "2017.06.09"]
[Round "9"]
[White "Youness, Jolie"]
[Black "Stepanjan, Marianne"]
[Result "0-1"]
[Termination "normal"]
[Board "15"]
[WhiteElo "768"]
[BlackElo "880"]
[PlyCount "108"]
[BlackFideId "16246110"]
[EventCountry "GER"]
[EventRounds "11"]
[EventType "swiss"]
[EventDate "2017.06.03"]

1. e4 e5 2. Nf3 Nc6 3. Bc4 Nf6 4. d3 Bc5 5. c3 d5 6. Nfd2 dxc4 7. Nxc4 Bg4 8.
f3 Be6 9. Be3 Bxe3 10. Nxe3 O-O 11. Ng4 Bxg4 12. fxg4 Qd7 13. g5 Ne8 14. O-O
Rd8 15. Rf3 f6 16. g6 hxg6 17. Na3 Kf7 18. Rf2 Rh8 19. g4 g5 20. Qd2 Qxg4+ 21.
Kf1 Rh3 22. Re1 Nd6 23. Re3 Rdh8 24. b4 Rxe3 25. Qxe3 Qd1+ 26. Kg2 Qg4+ 27. Kh1
Nd8 28. b5 Ne6 29. d4 exd4 30. cxd4 Qf4 31. Rxf4 Nxf4 32. e5 Rh3 33. Qf2 Rc3
34. Qb2 Rf3 35. Qc1 Ne4 36. exf6 Nc3 37. h4 Rh3+ 38. Kg1 Nce2+ 39. Kf2 Nxc1 40.
hxg5 Rxa3 41. d5 gxf6 42. g6+ Kxg6 43. b6 axb6 44. Ke1 Rxa2 45. Kd1 Nb3 46. Ke1
b5 47. Kd1 b4 48. d6 cxd6 49. Ke1 Nd4 50. Kd1 Nfe2 51. Ke1 b3 52. Kf2 b2 53.
Kg2 b1=Q 54. Kh3 Qg1 0-1

[Event "DEM U10w 2017"]
[Site "Willingen GER"]
[Date "2017.06.09"]
[Round "9"]
[White "Claussen, Kim Sophie"]
[Black "Vianden, Ella"]
[Result "0-1"]
[Termination "normal"]
[Board "16"]
[WhiteElo "845"]
[BlackElo "1050"]
[PlyCount "54"]
[BlackFideId "16235592"]
[EventCountry "GER"]
[EventRounds "11"]
[EventType "swiss"]
[EventDate "2017.06.03"]

1. e4 e5 2. Bc4 Nf6 3. Nc3 Nxe4 4. Nxe4 d5 5. Qh5 dxc4 6. Qxe5+ Be6 7. Nc5 Nc6
8. Qe4 Bxc5 9. d3 Nd4 10. Kd1 O-O 11. Nh3 Bd5 12. Qe5 b6 13. Re1 Bxg2 14. Re3
Bf3+ 15. Ke1 Nxc2+ 16. Kf1 Nxa1 17. Rxf3 cxd3 18. Rg3 g6 19. Bd2 Bd6 20. Qd4
Bxg3 21. Bc3 Qxd4 22. Bxd4 Rad8 23. Bc3 Be5 24. Bxe5 d2 25. Ke2 d1=Q+ 26. Ke3
Rfe8 27. Nf4 Rxe5# 0-1

[Event "DEM U10w 2017"]
[Site "Willingen GER"]
[Date "2017.06.09"]
[Round "9"]
[White "Hebestreit, Marie"]
[Black "Heuberger, Sandra"]
[Result "0-1"]
[Termination "normal"]
[Board "17"]
[WhiteElo "896"]
[BlackElo "902"]
[PlyCount "52"]
[BlackFideId "16232151"]
[EventCountry "GER"]
[EventRounds "11"]
[EventType "swiss"]
[EventDate "2017.06.03"]

1. e4 e5 2. Nf3 Nc6 3. Nc3 Nf6 4. Bc4 Nxe4 5. Nxe4 d5 6. Bb3 dxe4 7. Ng5 Qxg5
8. d3 Qg6 9. Be3 Bd6 10. Bd5 exd3 11. cxd3 O-O 12. Qb1 Bf5 13. Be4 Bb4+ 14. Kf1
Bxe4 15. dxe4 Rad8 16. Qc2 h6 17. a3 Ba5 18. b4 Bb6 19. Bxb6 axb6 20. b5 Nd4
21. Qd3 Ne6 22. Qc4 Nf4 23. Rg1 Rd4 24. Qc2 Rxe4 25. Re1 Rxe1+ 26. Kxe1 Qxc2
0-1

[Event "DEM U10w 2017"]
[Site "Willingen GER"]
[Date "2017.06.09"]
[Round "9"]
[White "Khanbekyan, Nare"]
[Black "Truong, Bao Ngoc"]
[Result "1-0"]
[Termination "normal"]
[Board "18"]
[WhiteElo "952"]
[BlackElo "749"]
[PlyCount "143"]
[WhiteFideId "16270916"]
[EventCountry "GER"]
[EventRounds "11"]
[EventType "swiss"]
[EventDate "2017.06.03"]

1. e4 c5 2. Nf3 Nf6 3. Nc3 g6 4. d4 cxd4 5. Nxd4 Bg7 6. Be3 O-O 7. Qd2 d6 8.
Bc4 a6 9. a4 Nc6 10. Nxc6 bxc6 11. O-O-O Bb7 12. Bh6 d5 13. Bxg7 Kxg7 14. Bd3
dxe4 15. Bxe4 Qxd2+ 16. Rxd2 Nxe4 17. Nxe4 f5 18. Nc5 Rab8 19. Nd7 c5 20. Nxb8
Rxb8 21. h4 Bxg2 22. Rg1 Bc6 23. h5 Bxa4 24. hxg6 hxg6 25. f3 Rc8 26. Rdg2 Be8
27. Rg5 Kf6 28. f4 c4 29. Rh1 Bf7 30. Rh7 Bg8 31. Rh6 Bf7 32. Rh7 Bg8 33. Rh8
a5 34. Rh3 e6 35. b3 cxb3 36. Rxb3 a4 37. Rbg3 Bf7 38. Rg2 Ra8 39. Kb2 a3+ 40.
Ka1 a2 41. Re2 Ra5 42. Rg3 e5 43. Rf3 g5 44. fxg5+ Kxg5 45. Rg2+ Kf6 46. Rh3
Bc4 47. Rh4 e4 48. c3 Be6 49. Rh6+ Ke5 50. Rc2 Kd6 51. c4 Ke5 52. c5 Ra8 53.
Rh1 Rc8 54. Kb2 Bd5 55. Rhc1 Kd4 56. c6 Rc7 57. Rd2+ Ke5 58. Rdc2 Kd6 59. Ka1
Bxc6 60. Kxa2 Bb5 61. Rxc7 Bd7 62. R7c5 Be6+ 63. Ka3 f4 64. Kb4 e3 65. Rc6+ Ke5
66. Kc3 f3 67. Kd3 Kf5 68. Kxe3 Kg4 69. Rxe6 Kg3 70. Rg1+ Kh2 71. Rg7 Kh3 72.
Rh6# 1-0

[Event "DEM U10w 2017"]
[Site "Willingen GER"]
[Date "2017.06.09"]
[Round "10"]
[White "Ramien, Hannah"]
[Black "Pohle, Saskia"]
[Result "1/2-1/2"]
[Termination "normal"]
[Board "1"]
[WhiteElo "1243"]
[BlackElo "1416"]
[WhiteClock "00:28:51"]
[BlackClock "00:16:15"]
[PlyCount "130"]
[WhiteFideId "16209982"]
[BlackFideId "16201604"]
[EventCountry "GER"]
[EventRounds "11"]
[EventType "swiss"]
[EventDate "2017.06.03"]

1. e4 {[%clk 1:15:58]} 1... e5 {[%clk 1:15:56]} 2. Nf3 {[%clk 1:16:21]} 2...
Nc6 {[%clk 1:16:21]} 3. Bc4 {[%clk 1:16:41]} 3... Nf6 {[%clk 1:16:46]} 4. d3 {
[%clk 1:16:50]} 4... Be7 {[%clk 1:17:11]} 5. Bb3 {[%clk 1:17:13]} 5... O-O {
[%clk 1:17:33]} 6. O-O {[%clk 1:17:36]} 6... d5 {[%clk 1:17:12]} 7. Nbd2 {
[%clk 1:17:54]} 7... Bg4 {[%clk 1:09:05]} 8. Re1 {[%clk 1:17:34]} 8... Re8 {
[%clk 1:06:06]} 9. Qe2 {[%clk 1:16:52]} 9... Bb4 {[%clk 0:59:16]} 10. c3 10...
Be7 {[%clk 0:59:27]} 11. Nf1 {[%clk 1:16:21]} 11... d4 {[%clk 0:56:57]} 12. c4
{[%clk 1:16:22]} 12... Nd7 {[%clk 0:52:58]} 13. h3 {[%clk 1:14:39]} 13... Bh5 {
[%clk 0:53:07]} 14. Ng3 {[%clk 1:14:35]} 14... Bg6 {[%clk 0:53:30]} 15. a3 {
[%clk 0:58:10]} 15... Nc5 {[%clk 0:53:14]} 16. Ba2 {[%clk 0:57:01]} 16... a6 {
[%clk 0:49:09]} 17. Bd2 {[%clk 0:53:27]} 17... Qd7 {[%clk 0:46:56]} 18. b4 {
[%clk 0:51:00]} 18... Ne6 {[%clk 0:46:26]} 19. c5 {[%clk 0:50:59]} 19... b6 {
[%clk 0:45:02]} 20. cxb6 {[%clk 0:50:23]} 20... cxb6 {[%clk 0:45:27]} 21. Rac1
{[%clk 0:50:07]} 21... Rac8 {[%clk 0:43:48]} 22. Bd5 {[%clk 0:49:46]} 22... Na7
{[%clk 0:42:54]} 23. Nxe5 {[%clk 0:49:36]} 23... Qd6 {[%clk 0:42:35]} 24. Nxg6
{[%clk 0:49:25]} 24... hxg6 {[%clk 0:42:59]} 25. Qg4 {[%clk 0:48:39]} 25... Bf6
{[%clk 0:39:18]} 26. Bxe6 {[%clk 0:46:52]} 26... Qxe6 {[%clk 0:39:22]} 27. Qxe6
{[%clk 0:47:05]} 27... Rxe6 {[%clk 0:37:45]} 28. Rxc8+ {[%clk 0:47:17]} 28...
Nxc8 {[%clk 0:38:08]} 29. Rc1 {[%clk 0:47:21]} 29... Na7 {[%clk 0:37:21]} 30.
Rc7 {[%clk 0:47:18]} 30... Nb5 {[%clk 0:36:51]} 31. Rc8+ {[%clk 0:47:18]} 31...
Kh7 {[%clk 0:37:13]} 32. a4 {[%clk 0:47:37]} 32... Nc3 {[%clk 0:36:37]} 33.
Bxc3 {[%clk 0:47:06]} 33... dxc3 {[%clk 0:34:35]} 34. Ne2 {[%clk 0:47:20]}
34... Rd6 {[%clk 0:27:23]} 35. Nxc3 {[%clk 0:46:39]} 35... Rxd3 {[%clk 0:27:42]
} 36. Nd5 {[%clk 0:46:11]} 36... Rd4 {[%clk 0:26:03]} 37. f3 {[%clk 0:45:55]}
37... Be5 {[%clk 0:22:47]} 38. Rc1 {[%clk 0:45:02]} 38... a5 {[%clk 0:21:25]}
39. bxa5 {[%clk 0:44:00]} 39... bxa5 {[%clk 0:21:48]} 40. Nb6 {[%clk 0:43:59]}
40... Rb4 {[%clk 0:21:28]} 41. Nd7 {[%clk 0:40:03]} 41... Bd4+ {[%clk 0:21:35]}
42. Kh2 {[%clk 0:39:56]} 42... Rxa4 {[%clk 0:20:38]} 43. Nc5 {[%clk 0:39:24]}
43... Be5+ {[%clk 0:19:46]} 44. Kg1 {[%clk 0:39:32]} 44... Ra1 {[%clk 0:19:28]}
45. Rxa1 {[%clk 0:39:52]} 45... Bxa1 {[%clk 0:19:53]} 46. Na4 {[%clk 0:40:14]}
46... Bd4+ {[%clk 0:20:10]} 47. Kf1 {[%clk 0:40:32]} 47... Kh6 {[%clk 0:20:27]}
48. Ke2 {[%clk 0:40:51]} 48... Kg5 {[%clk 0:20:29]} 49. g3 {[%clk 0:40:27]}
49... f5 {[%clk 0:20:29]} 50. f4+ {[%clk 0:40:37]} 50... Kf6 {[%clk 0:20:42]}
51. e5+ {[%clk 0:40:58]} 51... Ke6 {[%clk 0:20:46]} 52. g4 {[%clk 0:39:32]}
52... fxg4 {[%clk 0:20:46]} 53. hxg4 {[%clk 0:39:54]} 53... Bg1 {[%clk 0:20:06]
} 54. Kd3 {[%clk 0:37:40]} 54... Kd5 {[%clk 0:18:12]} 55. Nc3+ {[%clk 0:37:28]}
55... Ke6 {[%clk 0:18:26]} 56. Ke4 {[%clk 0:37:27]} 56... Bh2 {[%clk 0:17:45]}
57. f5+ {[%clk 0:34:18]} 57... gxf5+ {[%clk 0:18:09]} 58. gxf5+ {[%clk 0:34:37]
} 58... Kf7 {[%clk 0:17:49]} 59. e6+ {[%clk 0:33:57]} 59... Ke7 {[%clk 0:17:56]
} 60. Nd5+ {[%clk 0:34:08]} 60... Ke8 {[%clk 0:17:59]} 61. Kd4 {[%clk 0:30:24]}
61... a4 {[%clk 0:18:12]} 62. Nc3 {[%clk 0:28:57]} 62... a3 {[%clk 0:18:16]}
63. Kd5 {[%clk 0:28:51]} 63... Ke7 {[%clk 0:18:20]} 64. Kc6 {[%clk 0:28:31]}
64... Be5 {[%clk 0:17:28]} 65. Na2 {[%clk 0:28:51]} 65... Bd6 {[%clk 0:16:15]}
1/2-1/2

[Event "DEM U10w 2017"]
[Site "Willingen GER"]
[Date "2017.06.09"]
[Round "10"]
[White "Ulrich, Helena Irene"]
[Black "Roncea, Andreea-Alexandra"]
[Result "0-1"]
[Termination "normal"]
[Board "2"]
[WhiteElo "1097"]
[BlackElo "1361"]
[WhiteClock "00:05:30"]
[BlackClock "00:38:41"]
[PlyCount "76"]
[WhiteFideId "16256000"]
[BlackFideId "16233115"]
[EventCountry "GER"]
[EventRounds "11"]
[EventType "swiss"]
[EventDate "2017.06.03"]

1. e4 {[%clk 1:15:56]} 1... e5 {[%clk 1:15:52]} 2. Nf3 {[%clk 1:16:22]} 2...
Nc6 {[%clk 1:16:16]} 3. Bb5 {[%clk 1:16:46]} 3... a6 {[%clk 1:16:39]} 4. Ba4 {
[%clk 1:17:03]} 4... Nf6 {[%clk 1:16:57]} 5. d3 {[%clk 1:17:14]} 5... d6 {
[%clk 1:17:18]} 6. c3 {[%clk 1:17:38]} 6... g6 {[%clk 1:17:17]} 7. Nbd2 { [%clk
1:16:51]} 7... Bg7 {[%clk 1:17:15]} 8. O-O {[%clk 1:16:13]} 8... O-O { [%clk
1:17:16]} 9. Re1 {[%clk 1:15:10]} 9... b5 {[%clk 1:16:45]} 10. Bb3 { [%clk
1:13:31]} 10... Re8 {[%clk 1:16:04]} 11. Nf1 {[%clk 1:02:23]} 11... Be6 { [%clk
1:15:18]} 12. Bc2 {[%clk 1:02:23]} 12... Nb8 13. Ng3 {[%clk 0:59:39]} 13...
Nbd7 {[%clk 1:11:37]} 14. d4 {[%clk 0:49:53]} 14... exd4 {[%clk 1:11:05]} 15.
cxd4 {[%clk 0:50:13]} 15... Nb6 {[%clk 1:10:57]} 16. Bf4 {[%clk 0:43:24]} 16...
Bc8 {[%clk 1:04:14]} 17. Bb3 {[%clk 0:37:14]} 17... Bb7 {[%clk 1:02:02]} 18.
Bc2 {[%clk 0:34:07]} 18... Qd7 {[%clk 0:57:40]} 19. Qd3 {[%clk 0:29:20]} 19...
Re7 {[%clk 0:56:12]} 20. Re2 {[%clk 0:27:55]} 20... Rae8 {[%clk 0:55:57]} 21.
Rae1 {[%clk 0:27:41]} 21... c5 {[%clk 0:53:17]} 22. dxc5 {[%clk 0:25:11]} 22...
dxc5 {[%clk 0:52:25]} 23. Qxd7 {[%clk 0:25:34]} 23... Rxd7 { [%clk 0:52:40]}
24. Nd2 {[%clk 0:25:16]} 24... Ng4 {[%clk 0:47:55]} 25. h3 { [%clk 0:24:48]}
25... Ne5 {[%clk 0:48:03]} 26. Re3 {[%clk 0:19:10]} 26... Rxd2 {[%clk 0:47:05]}
27. R3e2 {[%clk 0:18:21]} 27... Rxe2 {[%clk 0:46:44]} 28. Rxe2 {[%clk 0:18:44]}
28... Nbc4 {[%clk 0:41:56]} 29. Bb1 {[%clk 0:14:59]} 29... Rd8 {[%clk 0:41:22]}
30. Kh2 {[%clk 0:12:52]} 30... Nd3 {[%clk 0:38:42]} 31. Bxd3 { [%clk 0:12:32]}
31... Rxd3 {[%clk 0:39:06]} 32. Nf1 {[%clk 0:10:46]} 32... Bxb2 {[%clk
0:38:39]} 33. Bh6 {[%clk 0:09:01]} 33... Bg7 {[%clk 0:38:38]} 34. Bxg7 { [%clk
0:07:19]} 34... Kxg7 {[%clk 0:39:01]} 35. f3 {[%clk 0:07:20]} 35... f6 { [%clk
0:38:17]} 36. Rc2 {[%clk 0:05:35]} 36... Kf7 {[%clk 0:38:34]} 37. Ng3 { [%clk
0:05:21]} 37... Rd2 {[%clk 0:38:27]} 38. Rxd2 {[%clk 0:05:30]} 38... Nxd2
{[%clk 0:38:41]} 0-1

[Event "DEM U10w 2017"]
[Site "Willingen GER"]
[Date "2017.06.09"]
[Round "10"]
[White "Labuda, Annika"]
[Black "von Beckh, Frieda"]
[Result "0-1"]
[Termination "normal"]
[Board "3"]
[WhiteElo "1144"]
[BlackElo "1248"]
[WhiteClock "00:39:02"]
[BlackClock "00:58:38"]
[PlyCount "94"]
[WhiteFideId "16261453"]
[BlackFideId "16233751"]
[EventCountry "GER"]
[EventRounds "11"]
[EventType "swiss"]
[EventDate "2017.06.03"]

1. e4 {[%clk 1:15:58]} 1... d5 {[%clk 1:15:56]} 2. exd5 {[%clk 1:16:19]} 2...
Nf6 {[%clk 1:16:17]} 3. Nf3 {[%clk 1:16:13]} 3... Nxd5 {[%clk 1:16:19]} 4. d4 {
[%clk 1:16:17]} 4... Bf5 {[%clk 1:16:01]} 5. Bd3 {[%clk 1:16:09]} 5... Bxd3 {
[%clk 1:16:15]} 6. Qxd3 {[%clk 1:16:17]} 6... Nc6 {[%clk 1:16:16]} 7. O-O {
[%clk 1:15:47]} 7... e6 {[%clk 1:16:04]} 8. c4 {[%clk 1:14:14]} 8... Nb6 {
[%clk 1:15:58]} 9. Be3 {[%clk 1:13:36]} 9... Bb4 {[%clk 1:14:23]} 10. b3 {
[%clk 1:10:45]} 10... Qd7 {[%clk 1:13:41]} 11. Rd1 {[%clk 1:10:53]} 11... O-O-O
{[%clk 1:13:59]} 12. Nc3 {[%clk 1:05:27]} 12... Rhe8 {[%clk 1:13:00]} 13. Bg5 {
[%clk 1:00:33]} 13... f6 {[%clk 1:13:04]} 14. Be3 {[%clk 0:57:31]} 14... e5 {
[%clk 1:08:51]} 15. Ne4 {[%clk 0:53:48]} 15... f5 {[%clk 1:07:38]} 16. c5 {
[%clk 0:51:57]} 16... fxe4 {[%clk 1:07:33]} 17. Qc2 {[%clk 0:47:09]} 17... exf3
{[%clk 1:06:38]} 18. cxb6 {[%clk 0:47:28]} 18... fxg2 {[%clk 1:06:36]} 19. bxa7
{[%clk 0:47:43]} 19... Nxa7 {[%clk 1:06:44]} 20. dxe5 {[%clk 0:47:20]} 20...
Qc6 {[%clk 1:05:56]} 21. Rxd8+ {[%clk 0:46:08]} 21... Rxd8 {[%clk 1:06:07]} 22.
Qf5+ {[%clk 0:46:03]} 22... Kb8 {[%clk 1:05:53]} 23. Bxa7+ {[%clk 0:45:38]}
23... Kxa7 {[%clk 1:06:10]} 24. Qxh7 {[%clk 0:45:15]} 24... Qc3 {[%clk 1:04:25]
} 25. Rb1 {[%clk 0:44:47]} 25... Qxe5 {[%clk 1:04:07]} 26. Qh4 {[%clk 0:43:35]}
26... Bd6 {[%clk 1:00:22]} 27. Kxg2 {[%clk 0:39:32]} 27... g5 {[%clk 0:59:08]}
28. Qh6 {[%clk 0:37:41]} 28... Qe4+ {[%clk 0:59:01]} 29. f3 {[%clk 0:37:44]}
29... Qxb1 {[%clk 0:58:39]} 30. Qxg5 {[%clk 0:37:59]} 30... Qxa2+ { [%clk
0:58:46]} 31. Kf1 {[%clk 0:37:53]} 31... Be7 {[%clk 0:57:15]} 32. Qe3+ { [%clk
0:37:37]} 32... Kb8 {[%clk 0:57:15]} 33. Qe1 {[%clk 0:35:59]} 33... Qxh2 {[%clk
0:56:19]} 34. Qf2 {[%clk 0:34:30]} 34... Rd1+ {[%clk 0:56:06]} 35. Ke2 { [%clk
0:34:47]} 35... Rd2+ {[%clk 0:55:59]} 36. Kxd2 {[%clk 0:35:06]} 36... Qxf2+
{[%clk 0:56:23]} 37. Kd3 {[%clk 0:35:29]} 37... Qxf3+ {[%clk 0:56:43]} 38. Kc4
{[%clk 0:35:42]} 38... b5+ {[%clk 0:57:02]} 39. Kxb5 {[%clk 0:36:04]} 39...
Qxb3+ {[%clk 0:57:25]} 40. Kc6 {[%clk 0:36:22]} 40... Qb7+ { [%clk 0:57:25]}
41. Kd7 {[%clk 0:36:46]} 41... c5+ {[%clk 0:57:48]} 42. Ke8 { [%clk 0:37:05]}
42... c4 {[%clk 0:58:05]} 43. Kf7 {[%clk 0:37:29]} 43... c3 { [%clk 0:58:28]}
44. Ke6 {[%clk 0:37:55]} 44... c2 {[%clk 0:58:50]} 45. Kf7 { [%clk 0:38:16]}
45... c1=Q {[%clk 0:59:02]} 46. Kg7 {[%clk 0:38:40]} 46... Qg5+ {[%clk
0:58:22]} 47. Kh8 {[%clk 0:39:02]} 47... Bf6# {[%clk 0:58:38]} 0-1

[Event "DEM U10w 2017"]
[Site "Willingen GER"]
[Date "2017.06.09"]
[Round "10"]
[White "Zhou, Lepu Coco"]
[Black "Fischer, Darja"]
[Result "1-0"]
[Termination "normal"]
[Board "4"]
[WhiteElo "1592"]
[BlackElo "1196"]
[WhiteClock "01:15:07"]
[BlackClock "00:55:07"]
[PlyCount "35"]
[WhiteFideId "16217136"]
[BlackFideId "16240898"]
[EventCountry "GER"]
[EventRounds "11"]
[EventType "swiss"]
[EventDate "2017.06.03"]

1. e4 {[%clk 1:15:59]} 1... e5 {[%clk 1:15:53]} 2. Nf3 {[%clk 1:16:26]} 2...
Nc6 {[%clk 1:16:15]} 3. Bb5 {[%clk 1:16:53]} 3... a6 {[%clk 1:16:34]} 4. Ba4 {
[%clk 1:17:18]} 4... Bc5 {[%clk 1:16:24]} 5. O-O {[%clk 1:17:39]} 5... Nf6 {
[%clk 1:16:44]} 6. c3 {[%clk 1:18:05]} 6... O-O {[%clk 1:16:13]} 7. d4 { [%clk
1:18:28]} 7... exd4 {[%clk 1:16:15]} 8. cxd4 {[%clk 1:18:53]} 8... Bb6 { [%clk
1:16:26]} 9. e5 {[%clk 1:18:52]} 9... Nd5 {[%clk 1:16:24]} 10. Nc3 { [%clk
1:18:30]} 10... Nxc3 {[%clk 1:16:17]} 11. bxc3 {[%clk 1:18:55]} 11... d5 {[%clk
1:15:43]} 12. Bc2 {[%clk 1:19:08]} 12... h6 {[%clk 1:14:11]} 13. Qd3 { [%clk
1:19:16]} 13... g6 {[%clk 1:13:36]} 14. Bxh6 {[%clk 1:19:39]} 14... Re8 { [%clk
1:13:12]} 15. Bg5 {[%clk 1:19:09]} 15... Ne7 {[%clk 1:12:17]} 16. Qe3 { [%clk
1:18:13]} 16... Kh7 {[%clk 1:07:51]} 17. Qf4 {[%clk 1:14:56]} 17... Rh8 { [%clk
0:55:07]} 18. Qxf7# {[%clk 1:15:07]} 1-0